000 00938cam a2200289 a 4500
999 _c44159
_d44159
001 15306066
005 20181008103818.0
008 080527s2008 ilua b 001 0 eng
010 _a 2008022653
020 _a9780830828241
020 _a0830828249
035 _a(OCoLC)223907357
035 _a(OCoLC)ocn223907357
100 1 _aGreggo, Stephen P.,
_d1956-
245 1 0 _aTrekking toward wholeness :
_ba resource for care group leaders /
_cStephen P. Greggo.
260 _aDowners Grove, Ill. :
_bInterVarsity Press,
_cc2008.
300 _a293 p. :
_bill. ;
_c23 cm.
336 _atext
337 _aunmediated
338 _avolume
504 _aIncludes bibliographical references (p. [287]-289) and indexes.
650 0 _aChurch group work.
650 0 _aSmall groups.
650 0 _aChristian leadership.
856 4 1 _3Table of contents only
_uhttp://www.loc.gov/catdir/toc/ecip0819/2008022653.html
942 _2lcc
_cBK